<?xml version="1.0" encoding="UTF-8"?>
<record
    xmlns:xsi="http://www.w3.org/2001/XMLSchema-instance"
    xsi:schemaLocation="http://www.loc.gov/MARC21/slim http://www.loc.gov/standards/marcxml/schema/MARC21slim.xsd"
    xmlns="http://www.loc.gov/MARC21/slim">

  <leader>00875nam a22001577a 4500</leader>
  <controlfield tag="003">OSt</controlfield>
  <controlfield tag="005">20160211161444.0</controlfield>
  <controlfield tag="008">160211b        xxu||||| |||| 00| 0 eng d</controlfield>
  <datafield tag="040" ind1=" " ind2=" ">
    <subfield code="c">RUA</subfield>
  </datafield>
  <datafield tag="082" ind1=" " ind2=" ">
    <subfield code="a">MGR SER 2007 B390 Or.1</subfield>
  </datafield>
  <datafield tag="100" ind1=" " ind2=" ">
    <subfield code="9">7081</subfield>
    <subfield code="a">SEREY MARDY ; &#x179F;&#x17B7;&#x179A;&#x17B8; &#x1798;&#x17C9;&#x17B6;&#x179A;&#x178C;&#x17B8;</subfield>
  </datafield>
  <datafield tag="245" ind1=" " ind2=" ">
    <subfield code="a">The influence of agricultural development program of rural poverty reduction project in svay rieng on trans -border migration to vietnam ,&#x200B;&#x17A5;&#x1791;&#x17D2;&#x1792;&#x17B7;&#x1796;&#x179B;&#x179A;&#x1794;&#x179F;&#x17CB;&#x1780;&#x1798;&#x17D2;&#x1798;&#x179C;&#x17B7;&#x1792;&#x17B8;&#x17A2;&#x1797;&#x17B7;&#x179C;&#x178C;&#x17D2;&#x178D;&#x1793;&#x17CD;&#x1780;&#x179F;&#x17B7;&#x1780;&#x1798;&#x17D2;&#x1798;&#x1793;&#x17C3;&#x1782;&#x17C6;&#x179A;&#x17C4;&#x1784;&#x1780;&#x17B6;&#x178F;&#x17CB;&#x1794;&#x1793;&#x17D2;&#x1790;&#x1799;&#x1797;&#x17B6;&#x1796;&#x1780;&#x17D2;&#x179A;&#x17B8;&#x1780;&#x17D2;&#x179A; &#x1793;&#x17C5;&#x1787;&#x1793;&#x1794;&#x1791; &#x1781;&#x17C1;&#x178F;&#x17D2;&#x178F;&#x179F;&#x17D2;&#x179C;&#x17B6;&#x1799;&#x179A;&#x17C0;&#x1784;&#x179B;&#x17BE;&#x1794;&#x1789;&#x17D2;&#x17A0;&#x17B6;&#x1785;&#x17C6;&#x178E;&#x17B6;&#x1780;&#x179F;&#x17D2;&#x179A;&#x17BB;&#x1780; &#x1791;&#x17C5;&#x1794;&#x17D2;&#x179A;&#x1791;&#x17C1;&#x179F;&#x179C;&#x17C0;&#x178F;&#x178E;&#x17B6;&#x1798;</subfield>
  </datafield>
  <datafield tag="260" ind1=" " ind2=" ">
    <subfield code="a">Phnom Penh</subfield>
    <subfield code="b">RUA</subfield>
    <subfield code="c">2007</subfield>
  </datafield>
  <datafield tag="300" ind1=" " ind2=" ">
    <subfield code="a">xiii; 83p.</subfield>
    <subfield code="b">ill.</subfield>
    <subfield code="c">29cm.</subfield>
  </datafield>
  <datafield tag="942" ind1=" " ind2=" ">
    <subfield code="2">ddc</subfield>
    <subfield code="c">NRM</subfield>
  </datafield>
  <datafield tag="999" ind1=" " ind2=" ">
    <subfield code="c">6663</subfield>
    <subfield code="d">6663</subfield>
  </datafield>
  <datafield tag="952" ind1=" " ind2=" ">
    <subfield code="0">0</subfield>
    <subfield code="1">0</subfield>
    <subfield code="2">ddc</subfield>
    <subfield code="4">0</subfield>
    <subfield code="6">MGR_SER_2007_000000000000000_B390_OR_1</subfield>
    <subfield code="7">0</subfield>
    <subfield code="9">38099</subfield>
    <subfield code="a">LBB</subfield>
    <subfield code="b">LBB</subfield>
    <subfield code="c">B390</subfield>
    <subfield code="d">2016-02-11</subfield>
    <subfield code="l">1</subfield>
    <subfield code="o">MGR SER 2007 B390 Or.1</subfield>
    <subfield code="p">RUA048169</subfield>
    <subfield code="r">2018-11-19</subfield>
    <subfield code="s">2018-11-05</subfield>
    <subfield code="w">2016-02-11</subfield>
    <subfield code="y">NRM</subfield>
  </datafield>
  <datafield tag="952" ind1=" " ind2=" ">
    <subfield code="0">0</subfield>
    <subfield code="1">0</subfield>
    <subfield code="2">ddc</subfield>
    <subfield code="4">0</subfield>
    <subfield code="6">MGR_SER_2007_000000000000000_B390_OR_2</subfield>
    <subfield code="7">0</subfield>
    <subfield code="9">38100</subfield>
    <subfield code="a">LBB</subfield>
    <subfield code="b">LBB</subfield>
    <subfield code="c">B390</subfield>
    <subfield code="d">2016-02-11</subfield>
    <subfield code="o">MGR SER 2007 B390 Or.2</subfield>
    <subfield code="p">RUA050127</subfield>
    <subfield code="r">2016-02-11</subfield>
    <subfield code="w">2016-02-11</subfield>
    <subfield code="y">NRM</subfield>
  </datafield>
  <datafield tag="952" ind1=" " ind2=" ">
    <subfield code="0">0</subfield>
    <subfield code="1">0</subfield>
    <subfield code="2">ddc</subfield>
    <subfield code="4">0</subfield>
    <subfield code="6">MGR_SER_2007_000000000000000_B390_OR_3</subfield>
    <subfield code="7">0</subfield>
    <subfield code="9">38101</subfield>
    <subfield code="a">LBB</subfield>
    <subfield code="b">LBB</subfield>
    <subfield code="c">B390</subfield>
    <subfield code="d">2016-02-11</subfield>
    <subfield code="o">MGR SER 2007 B390 Or.3</subfield>
    <subfield code="p">RUA048389</subfield>
    <subfield code="r">2016-02-11</subfield>
    <subfield code="w">2016-02-11</subfield>
    <subfield code="y">NRM</subfield>
  </datafield>
  <datafield tag="952" ind1=" " ind2=" ">
    <subfield code="0">0</subfield>
    <subfield code="1">0</subfield>
    <subfield code="2">ddc</subfield>
    <subfield code="4">0</subfield>
    <subfield code="6">MGR_SER_2007_000000000000000_B390_OR_4</subfield>
    <subfield code="7">0</subfield>
    <subfield code="9">38102</subfield>
    <subfield code="a">LBB</subfield>
    <subfield code="b">LBB</subfield>
    <subfield code="c">B390</subfield>
    <subfield code="d">2016-02-11</subfield>
    <subfield code="o">MGR SER 2007 B390 Or.4</subfield>
    <subfield code="p">RUA051297</subfield>
    <subfield code="r">2016-02-11</subfield>
    <subfield code="w">2016-02-11</subfield>
    <subfield code="y">NRM</subfield>
  </datafield>
  <datafield tag="952" ind1=" " ind2=" ">
    <subfield code="0">0</subfield>
    <subfield code="1">0</subfield>
    <subfield code="2">ddc</subfield>
    <subfield code="4">0</subfield>
    <subfield code="6">MGR_SER_2007_000000000000000_B390_OR_5</subfield>
    <subfield code="7">0</subfield>
    <subfield code="9">38103</subfield>
    <subfield code="a">LBB</subfield>
    <subfield code="b">LBB</subfield>
    <subfield code="c">B390</subfield>
    <subfield code="d">2016-02-11</subfield>
    <subfield code="o">MGR SER 2007 B390 Or.5</subfield>
    <subfield code="p">RUA049135</subfield>
    <subfield code="r">2016-02-11</subfield>
    <subfield code="w">2016-02-11</subfield>
    <subfield code="y">NRM</subfield>
  </datafield>
  <datafield tag="952" ind1=" " ind2=" ">
    <subfield code="0">0</subfield>
    <subfield code="1">0</subfield>
    <subfield code="2">ddc</subfield>
    <subfield code="4">0</subfield>
    <subfield code="6">MGR_SER_2007_000000000000000_B390_OR_6</subfield>
    <subfield code="7">0</subfield>
    <subfield code="9">38104</subfield>
    <subfield code="a">LBB</subfield>
    <subfield code="b">LBB</subfield>
    <subfield code="c">B390</subfield>
    <subfield code="d">2016-02-11</subfield>
    <subfield code="o">MGR SER 2007 B390 Or.6</subfield>
    <subfield code="p">RUA048204</subfield>
    <subfield code="r">2016-02-11</subfield>
    <subfield code="w">2016-02-11</subfield>
    <subfield code="y">NRM</subfield>
  </datafield>
  <datafield tag="952" ind1=" " ind2=" ">
    <subfield code="0">0</subfield>
    <subfield code="1">0</subfield>
    <subfield code="2">ddc</subfield>
    <subfield code="4">0</subfield>
    <subfield code="6">MGR_SER_2007_000000000000000_B390_OR_7</subfield>
    <subfield code="7">0</subfield>
    <subfield code="9">38105</subfield>
    <subfield code="a">LBB</subfield>
    <subfield code="b">LBB</subfield>
    <subfield code="c">B390</subfield>
    <subfield code="d">2016-02-11</subfield>
    <subfield code="l">1</subfield>
    <subfield code="o">MGR SER 2007 B390 Or.7</subfield>
    <subfield code="p">RUA048481</subfield>
    <subfield code="r">2016-05-26</subfield>
    <subfield code="s">2016-04-27</subfield>
    <subfield code="w">2016-02-11</subfield>
    <subfield code="y">NRM</subfield>
  </datafield>
  <datafield tag="952" ind1=" " ind2=" ">
    <subfield code="0">0</subfield>
    <subfield code="1">0</subfield>
    <subfield code="2">ddc</subfield>
    <subfield code="4">0</subfield>
    <subfield code="6">MGR_SER_2007_000000000000000_B390_OR_8</subfield>
    <subfield code="7">0</subfield>
    <subfield code="9">38106</subfield>
    <subfield code="a">LBB</subfield>
    <subfield code="b">LBB</subfield>
    <subfield code="c">B390</subfield>
    <subfield code="d">2016-02-11</subfield>
    <subfield code="l">1</subfield>
    <subfield code="o">MGR SER 2007 B390 Or.8</subfield>
    <subfield code="p">RUA048175</subfield>
    <subfield code="r">2018-03-12</subfield>
    <subfield code="s">2018-03-06</subfield>
    <subfield code="w">2016-02-11</subfield>
    <subfield code="y">NRM</subfield>
  </datafield>
  <datafield tag="952" ind1=" " ind2=" ">
    <subfield code="0">0</subfield>
    <subfield code="1">0</subfield>
    <subfield code="2">ddc</subfield>
    <subfield code="4">0</subfield>
    <subfield code="6">MGR_SER_2007_000000000000000_B390_OR_9</subfield>
    <subfield code="7">0</subfield>
    <subfield code="9">38107</subfield>
    <subfield code="a">LBB</subfield>
    <subfield code="b">LBB</subfield>
    <subfield code="c">B390</subfield>
    <subfield code="d">2016-02-11</subfield>
    <subfield code="o">MGR SER 2007 B390 Or.9</subfield>
    <subfield code="p">RUA048136</subfield>
    <subfield code="r">2016-02-11</subfield>
    <subfield code="w">2016-02-11</subfield>
    <subfield code="y">NRM</subfield>
  </datafield>
</record>
